000
00299nam a2200109Ia 4500
008
171211s9999 xx 000 0 und d
245
4
_a
The Ultimate Guide To Colored Pencil
245
_c
Gary Greene
260
_c
2010
650
_x
Drawing
856
_u
http://down.ebook777.com/007/9781440313578.rar
999
_c
348008
_d
348008